Breviario de estética: cuatro lecciones seguidas de dos ensayos y un apéndice

Saved in:
Bibliografiske detaljer
Hovedforfatter: Croce, Benedetto (Author)
Format: Bog
Sprog:spansk
Udgivet: Madrid Espasa-Calpe 1967
Udgivelse:7a. ed
Serier:Colección Austral
Fag:
Tags: Tilføj Tag
Ingen Tags, Vær først til at tagge denne postø!

MARC

LEADER 00000nam a2200000 a 4500
001 UCV9982
003 CL-VaPUC
008 930825e19670000SP |||||||||||||||||spa|d
082 0 4 |a 701.17  |b CRO  |2 21 
100 0 |a Croce, Benedetto  |e author  |9 303977 
245 1 0 |a Breviario de estética: cuatro lecciones seguidas de dos ensayos y un apéndice 
250 |a 7a. ed 
300 |a 142 p 
942 |c BK 
945 |d 19930825 00:00:00 
260 |a Madrid  |b Espasa-Calpe  |c 1967 
650 0 |a Estética   |9 264950 
650 0 |a Filosofía del arte  |9 264951 
583 |a last modification  |c 19930825 00:00:00  |k Rodrigo Vera 
490 0 |a Colección Austral 
999 |c 215246  |d 215244 
952 |0 0  |1 0  |4 0  |6 701_170000000000000_CRO_1967  |7 0  |8 A  |9 199306  |a BIBARQ  |b BIBARQ  |d 2019-11-14  |i 2666138  |o 701.17 CRO 1967  |p 2666138  |r 2025-01-20  |w 2019-11-14  |y BK  |k ARQ